| 000 | 00447nam a2200145Ia 4500 | ||
|---|---|---|---|
| 008 | 210210b2000 xxu||||| |||| 00| 0 eng d | ||
| 082 | _a378.04 ALPA | ||
| 100 | _aALPHONSE (Xavier) and JACOB (Mani). | ||
| 245 | _aAutonomous colleges in India: History performance and future. | ||
| 260 |
_aNew Delhi. _bLokabodhan Kendra Publications., _c2000 |
||
| 300 | _axii,934 | ||
| 650 | _aCollege Autonomy | ||
| 690 | _aHigher Education | ||
| 906 | _a055738 | ||
| 999 |
_c103416 _d103416 |
||